| 000 | 00590nam a2200181 i 4500 | ||
|---|---|---|---|
| 001 | 40234 | ||
| 003 | ES-MaACL | ||
| 005 | 20230906160153.0 | ||
| 007 | t| | ||
| 008 | 030305s1875 it ||||1| ita d | ||
| 100 | 1 |
_aCarrara, Francesco ( _d1805-1888) _935515 |
|
| 245 | 1 | 0 |
_aConsulazione a favore di Andrea Moroni contro Marchese de Passano / _c[Francesco Carrara]. |
| 260 |
_aFirenze : _bL. Manuelli, _c1875. |
||
| 300 |
_a48 p. ; _c23 cm. |
||
| 500 | _aAutor tomado del final del texto. | ||
| 500 | _aPrecede al tít.: Florentina Legitimae Retorsionis. | ||
| 852 |
_aES-MaACL _jT-171-F-10 |
||
| 999 |
_c40234 _d40234 |
||